| 000 | 00832nam a2200253Ia 4500 | ||
|---|---|---|---|
| 003 | OSt | ||
| 005 | 20220923225412.0 | ||
| 006 | a|||||r|||| 00| 0 | ||
| 007 | ta | ||
| 008 | 220922b |||||||| |||| 00| 0 hin d | ||
| 024 | _a266,160 | ||
| 037 | _cTextual | ||
| 040 |
_aARTS _cARTS _bhin |
||
| 041 |
_2hin _ahin |
||
| 082 | _aR6xM87x, 152N3.1 | ||
| 100 |
_aगोपीनाथ _9156280 |
||
| 245 | 0 | _aपरमार्थ प्रसंग, अनु कौशल्या वल्ली | |
| 246 | _aParamārtha prasanga, anu0 kaushalyā vallī | ||
| 260 |
_aदिल्ली _b ईस्टर्न बुक लिंकर्स _c1993 |
||
| 300 |
_a183पृ. _ccm. |
||
| 490 | _vखण्ड 1 | ||
| 942 |
_hR6xM87x, 152N3.1 _cTEXL _2CC |
||
| 999 |
_c377990 _d377990 |
||